Normal view MARC view

Entry Personal Name

Number of records used in: 13

001 - CONTROL NUMBER

  • control field: 52674

003 - CONTROL NUMBER IDENTIFIER

  • control field: dpl

005 - DATE AND TIME OF LATEST TRANSACTION

  • control field: 20120927105602.0

008 - FIXED-LENGTH DATA ELEMENTS

  • fixed length control field: 120927|||a|||||| | ||| d

040 ## - CATALOGING SOURCE

  • Original cataloging agency: dpl
  • Transcribing agency: dpl

100 ## - HEADING--PERSONAL NAME

  • Personal name: Gangal, J.K.

670 ## - SOURCE DATA FOUND

  • Source citation: Work cat.: (dpl): Gangal, J.K., A practical course in spoken english /, 2012

670 ## - SOURCE DATA FOUND

  • Source citation: Work cat.: (dpl): Gangal, J.K., A practical course in spoken english /, 2012

© Delhi Public Library
Hit Counter
free hit counter